Computing the flow of light : nonstandard FDTD methodologies for photonics design /

Finite difference time domain (FDTD) computes the time evolution of a system at discrete time steps, and the resulting periodic visualization yields insight into the system. FDTD and FDTD-like methods can be used to solve a wide variety of problems, including, but not limited to, the wave equation,...

Full description

Bibliographic Details
Main Authors: Cole, James B. (James Bradford) (Author), Banerjee, Saswatee (Author)
Format: Book
Language:English
Published: Bellingham, Washington : SPIE Press, [2017]
Subjects:

MARC

Tag First Indicator Second Indicator Subfields
LEADER 00000cam a2200000 i 4500
001 in00003873521
005 20171016123505.0
008 160803t20172017waua b 001 0 eng c
010 |a  2016033109 
020 |a 9781510604810  |q paperback 
020 |a 1510604812  |q paperback 
020 |z 9781510604827  |q electronic book 
020 |z 1510604820  |q electronic book 
020 |z 9781510604834  |q electronic publication 
020 |z 1510604839  |q electronic publication 
020 |z 9781510604841  |q Kindle/mobi 
020 |z 1510604847  |q Kindle/mobi 
035 |a (OCoLC)ocn956947626 
040 |a OU/DLC  |e rda  |c DLC  |d TXA  |d UtOrBLW 
049 |a TXAM 
050 0 0 |a TA1522  |b .C65 2017 
082 0 0 |a 621.36/5  |2 23 
100 1 |a Cole, James B.  |q (James Bradford),  |e author.  |0 http://id.loc.gov/authorities/names/no2016103489 
245 1 0 |a Computing the flow of light :  |b nonstandard FDTD methodologies for photonics design /  |c James B. Cole, Saswatee Banerjee. 
264 1 |a Bellingham, Washington :  |b SPIE Press,  |c [2017] 
264 4 |c ©2017 
300 |a xvi, 413 pages :  |b illustrations (some color) ;  |c 26 cm. +  |e 1 CD-ROM (4 3/4 in.). 
336 |a text  |b txt  |2 rdacontent 
337 |a unmediated  |b n  |2 rdamedia 
338 |a volume  |b nc  |2 rdacarrier 
500 |a "An accompanying CD provides supplemental Mathcad and pseudocode programs"--Back cover. 
504 |a Includes bibliographical references and index. 
505 0 |a Finite difference approximations -- Accuracy, stability and convergence of numerical algorithms -- Introduction -- Finite difference models of the simple harmonic oscillator -- The one-dimensional wave equation -- Finite difference time domain algorithms for the one-dimensional wave equation -- Program development and applications of finite difference time domain algorithms in one-dimension -- Finite difference time domain algorithms to solve the wave equation in two and three dimensions -- Review of electromagnetic theory -- The Yee algorithm in one dimension -- The Yee algorithm in two and three dimensions -- Example applications of FDTD -- FDTD for dispersive materials -- Photonics problems -- Photonics design. 
520 |a Finite difference time domain (FDTD) computes the time evolution of a system at discrete time steps, and the resulting periodic visualization yields insight into the system. FDTD and FDTD-like methods can be used to solve a wide variety of problems, including, but not limited to, the wave equation, Maxwell's equations and the Schrödinger equation. In addition to introducing useful new methodologies, this book provides readers with analytical background and simulation examples that will help them develop their own methodologies to solve yet-to-be-posed problems. The book is written for students, engineers, and researchers grappling with problems that cannot be solved analytically. It could also be used as a textbook for a mathematical physics or engineering class. 
650 0 |a Photonics  |x Mathematics. 
650 0 |a Electromagnetic waves  |x Mathematical models. 
650 0 |a Finite differences.  |0 http://id.loc.gov/authorities/subjects/sh85048348 
650 0 |a Time-domain analysis.  |0 http://id.loc.gov/authorities/subjects/sh88000505 
700 1 |a Banerjee, Saswatee,  |e author.  |0 http://id.loc.gov/authorities/names/no2016102762 
948 |a cataloged  |b h  |c 2017/7/14  |d c  |e dmitchel  |f 10:50:40 pm 
994 |a C0  |b TXA 
999 f f |s 132c253f-8172-34e9-a265-74aca52e4fda  |i 21cf66df-1f9b-3a21-96d5-a0cdefbe0579  |t 0 
952 f f |p normal  |a Texas A&M University  |b College Station  |c Sterling C. Evans Library  |d Evans: Library Stacks  |t 0  |e TA1522 .C65 2017  |h Library of Congress classification  |i unmediated -- volume  |m A14850200164 
998 f f |a TA1522 .C65 2017  |t 0  |l Evans: Library Stacks